000 00459nam a22001577a 4500
005 20251108171101.0
008 250721s1985 xx 000 0 ara d
082 1 4 _a214/محم
100 1 _aجوهري، محمد ربيع محمد
245 1 0 _aعقيدتنا /
264 1 _aالقاهرة :
_bدار الطباعة المحمدية،
_c1985.
300 _a175ص.
650 1 7 _aأصول الدين الإسلامي
942 _2ddc
_cBK
999 _c56182
_d56182